Cuarenta años de Barcelona, 1890-1930 (Record no. 38045)

MARC details
000 -LEADER
campo de control de longitud fija 00626nam a2200169 i 4500
001 - NÚMERO DE CONTROL
campo de control 38045
003 - IDENTIFICADOR DE NÚMERO DE CONTROL
campo de control ES-MaACL
005 - FECHA Y HORA DE LA ÚLTIMA TRANSACCIÓN
campo de control 20230906155703.0
007 - CAMPO FIJO DE DESCRIPCIÓN FÍSICA--INFORMACIÓN GENERAL
campo de control de longitud fija t|
008 - DATOS DE LONGITUD FIJA--INFORMACIÓN GENERAL
campo de control de longitud fija 030224s1944 sp ||||1| spa d
100 1# - ENTRADA PRINCIPAL--NOMBRE DE PERSONA
Nombre de persona Cabañas Guevara, Luis.
9 (RLIN) 33157
245 10 - MENCIÓN DEL TÍTULO
Título Cuarenta años de Barcelona, 1890-1930
Resto del título : recuerdos de la vida literaria, artística, teatral, mundana y pintoresca de la ciudad /
Mención de responsabilidad, etc. Luis Cabañas Guevara.
260 ## - PUBLICACIÓN, DISTRIBUCIÓN, ETC.
Lugar de publicación, distribución, etc. Barcelona :
Nombre del editor, distribuidor, etc. Ediciones Menphis,
Fecha de publicación, distribución, etc. 1944 (
Fabricante Agustín Núñez)
300 ## - DESCRIPCIÓN FÍSICA
Extensión 280 p., 16 lám. ;
Dimensiones 20 cm.
740 0# - ENTRADA AGREGADA--TÍTULO RELACIONADO/ANALÍTICO NO CONTROLADO
Título relacionado o analítico no controlado 40 años de Barcelona, 1890-1930.
852 ## - LOCALIZACIÓN
Ubicación ES-MaACL
Número de control de estantería F-16350
Sublocalización o colección R.21248
Holdings
Estatus retirado Estado de pérdida Estado de daño No para préstamo Biblioteca de origen Biblioteca actual Ubicación en estantería Fecha de adquisición Fuente de adquisición Total de préstamos Signatura topográfica completa Código de barras Visto por última vez Precio de reemplazo Tipo de ítem Koha
        Biblioteca del Ateneo de Madrid Biblioteca del Ateneo de Madrid Sala Pecera Planta 2 17/01/2008     F-16350 1040055 23/02/2023 23/02/2023 Libro impreso